Normal view MARC view
  • Lieb, Elliott H.

Entry Personal Name

Number of records used in: 1

001 - CONTROL NUMBER

  • control field: 39064

003 - CONTROL NUMBER IDENTIFIER

  • control field: OSt

005 - DATE AND TIME OF LATEST TRANSACTION

  • control field: 20160117153759.0

008 - FIXED-LENGTH DATA ELEMENTS

  • fixed length control field: 160117|| aca||aabn | a|a d

040 ## - CATALOGING SOURCE

  • Original cataloging agency: OSt

100 1# - HEADING--PERSONAL NAME

  • Personal name: Lieb, Elliott H.

400 1# - SEE FROM TRACING--PERSONAL NAME

  • Personal name: Lieb, E. H.
  • Fuller form of name: (Elliott H.)